Statistics for Countries by Five Closest Countries In One Minute

Click here to take the quiz!

General Stats

  • This quiz has been taken 4,412 times
  • The average score is 124 of 196

Answers on the Map

Answers color-coded by a green-red scale on the quiz's map according to % correct below.
Loading ...
 

Answer Stats

Country% Correct
Russia
100%
France
99%
China
98%
United States
98%
Mexico
98%
Canada
97%
Bahamas
97%
Brazil
97%
Burma
96%
India
96%
Kazakhstan
96%
Pakistan
96%
Cuba
96%
Colombia
95%
North Korea
95%
Nepal
95%
Norway
95%
Bhutan
95%
Poland
95%
Algeria
95%
Paraguay
94%
Suriname
94%
Bolivia
94%
Argentina
94%
Mongolia
94%
Peru
94%
Venezuela
93%
Libya
92%
Germany
91%
Sudan
90%
Uruguay
90%
Central African Republic
90%
Guyana
89%
South Sudan
88%
Saudi Arabia
88%
Democratic Republic of the Congo
88%
Niger
88%
Tanzania
88%
Afghanistan
88%
Belgium
87%
Ukraine
87%
Netherlands
87%
Azerbaijan
87%
Indonesia
87%
Zambia
86%
Vietnam
86%
Iraq
86%
Switzerland
86%
Finland
86%
Papua New Guinea
86%
Morocco
85%
Laos
85%
Mali
85%
Chad
85%
Republic of the Congo
85%
Denmark
85%
East Timor
85%
Belarus
84%
Botswana
84%
Namibia
84%
Spain
84%
Angola
84%
Turkey
83%
Jordan
83%
Iran
83%
South Africa
82%
Mozambique
82%
Uganda
82%
Zimbabwe
82%
Yemen
81%
Italy
80%
Austria
80%
Australia
80%
New Zealand
79%
Rwanda
79%
Solomon Islands
79%
Nigeria
78%
Burundi
78%
Kyrgyzstan
77%
Burkina Faso
77%
Swaziland
77%
United Kingdom
77%
Ethiopia
76%
Tajikistan
76%
Lesotho
76%
Ireland
75%
Andorra
75%
Sweden
75%
Egypt
75%
Armenia
75%
Mauritania
75%
Portugal
74%
Chile
74%
Oman
74%
Lithuania
72%
Latvia
72%
Estonia
71%
Eritrea
71%
Honduras
71%
Hungary
70%
Bulgaria
68%
United Arab Emirates
68%
Nicaragua
67%
Georgia
67%
Czech Republic
67%
Turkmenistan
67%
Kenya
66%
Luxembourg
66%
Panama
66%
Romania
65%
Slovenia
65%
Malaysia
64%
Côte d'Ivoire
64%
Cameroon
64%
Guinea
63%
Benin
63%
Somalia
63%
Guatemala
63%
Kuwait
63%
Senegal
62%
Bangladesh
61%
Qatar
61%
Djibouti
59%
Costa Rica
58%
Greece
58%
Ecuador
58%
Thailand
58%
Serbia
57%
El Salvador
55%
Cambodia
53%
Slovakia
53%
Taiwan
51%
Macedonia
51%
San Marino
51%
Belize
51%
Israel
50%
Vatican City
50%
Brunei
50%
Syria
49%
South Korea
49%
Japan
49%
Moldova
47%
Ghana
45%
Iceland
44%
Tunisia
44%
Croatia
44%
Jamaica
43%
Haiti
43%
Togo
42%
Albania
41%
Montenegro
41%
Dominican Republic
38%
Bosnia and Herzegovina
38%
Kosovo
37%
Philippines
36%
Mauritius
35%
Comoros
35%
Madagascar
35%
Equatorial Guinea
33%
Liberia
31%
Guinea Bissau
31%
Uzbekistan
30%
Singapore
30%
Monaco
29%
Sierra Leone
28%
Gambia
25%
Gabon
25%
Malawi
25%
Kiribati
25%
Federated States of Micronesia
24%
Tuvalu
24%
Nauru
23%
Vanuatu
22%
Marshall Islands
22%
Tonga
21%
Fiji
21%
Samoa
20%
São Tomé and Príncipe
17%
Lebanon
17%
Saint Vincent and Grenadines
16%
Grenada
15%
Trinidad and Tobago
15%
Saint Lucia
15%
Dominica
14%
Liechtenstein
14%
Sri Lanka
13%
Maldives
13%
Palau
13%
Antigua and Barbuda
11%
Malta
11%
Saint Kitts and Nevis
11%
Barbados
10%
Bahrain
8%
Seychelles
6%
Cape Verde
5%
Cyprus
2%

Score Distribution

Percentile by Number Answered

Percent of People with Each Score

Your Score History

You have not taken this quiz